000 00544 a2200181 4500
999 _c4707
_d4707
010 _aENG-86535
020 _a8120328981
_c295.00
035 _aEN-70068
037 _bDBAD / PUB
082 1 4 _a620.00151
100 1 _aGangadharan, A.
245 1 _aEngineering mathematics
_cby A. Gangadharan
260 _aNew Delhi
_bPrentice Hall of India
_c2006
270 _aM-97, Connaught Circus
_bNew Delhi
_e110 001
300 _aV.1 (xii, 528 p.)
_c24cm (Pbk)
500 _aincludes index
942 _adpl
_cEN
_2ddc
_h620.00151
_mGAN